00565 a2200157 4500010001400000020002600014035001300040037001600053082001600069245011800085260004000203270008000243300002400323490003900347500002100386 aENG-89732 a9788178298191c650.00 aEN-73265 bDBAD / PUB14a362.87095451 aBlisters on their feet:cedited by Samir Kumar Dasbtales of internally displaced persons in India 's North East/ aNew DelhibSage Publicationsc2008 aB1/11, Mohan Cooperative Industrial Area, Mathura RoadbNew Delhie110 044 a347p.c22 cm. (Hb) aSage studies on India's North East aIncludes index.